| 000 | 00648cam a22002052 4500 | ||
|---|---|---|---|
| 001 | 0000020464 | ||
| 005 | 20151217152215.0 | ||
| 008 | 110919s xx 000 0 eng d | ||
| 020 | _a0195314601 : | ||
| 040 |
_aKABU _cKABU |
||
| 100 | 1 |
_aEhrman, Bart D. _@0000180810 |
|
| 245 | 1 | 4 |
_aThe lost gospel of Judas Iscariot : _ba new look at betrayer and betrayed / _cBart D. Ehrman. |
| 250 | _a1st ed. | ||
| 260 |
_aOxford : _bOUP, _c2006. |
||
| 300 | _aviii, 198 p. | ||
| 650 | 0 |
_aGospel of Judas _xCriticism, interpretation, etc. _@0000180811 |
|
| 852 | 1 | _9p1539 KES | |
| 908 | _a110919 | ||
| 950 | _@1 | ||
| 999 |
_c9346 _d9346 |
||